| 000 | 00619nam a2200217 a 4500 | ||
|---|---|---|---|
| 001 | BRCA_4029 | ||
| 005 | 20190320204522.0 | ||
| 008 | 050210s1914----enk#######---#000-0#eng-# | ||
| 041 | _aeng | ||
| 044 | _aenk | ||
| 050 | 4 |
_aF1215 _b.F94 1914 |
|
| 100 | 1 |
_aFyfe, H. Hamilton _910469 |
|
| 245 | 1 | 0 |
_aThe real Mexico _ba study on the spot _cH. Hamilton Fyfe. |
| 260 |
_aLondon _bW. Heinemann _c1914 |
||
| 300 |
_a247 p. _bil. 1 mapa plegable _c20 cm. |
||
| 500 | _aC114 | ||
| 651 | 4 |
_aMéxico _xDescripción y viajes _9103 |
|
| 651 | 4 |
_aMéxico _xHistoria _yRevolución, 1910-1917 _910470 |
|
| 902 | _aGFM | ||
| 942 |
_2lcc _cB |
||
| 999 |
_c3753 _d3753 |
||